Statystyki dla Quiz o Liechtensteinie

Kliknij tutaj aby rozwiązać quiz!

Ogólne statystyki

  • Ten quiz został rozwiązany 272 razy
  • Średni wynik to 10 z 15

Statystyki odpowiedzi

WskazówkaOdpowiedź% Poprawnych
StolicaVaduz
97%
Graniczące państwaSzwajcaria
97%
Graniczące państwaAustria
95%
Język urzędowyNiemiecki
95%
Waluta{Frank} szwajcarski
90%
Płeć, która nie mogła głosować w Liechtensteinie do 1984 rKobiety
89%
Pasmo górskie, w którym leży LiechtensteinAlpy
88%
Liechtenstein to drugi ________ kraj na świecie, za MonakoNajbogatszy
70%
Podobnie jak Monako i Andora, monarcha Liechtensteinu ma ten tytułKsiąże
61%
Monarcha Liechtensteinu ma prawo do ____ każdej ustawyWeto
54%
Liechtenstein i Uzbekistan to jedyne kraje, które są podwójnie ________,
co oznacza, że wszystkie kraje, z którymi graniczą, są również ________
Śródlądowe
47%
Rzeka tworząca zachodnią granicę LiechtensteinuRen
46%
Imperium, do którego należał Liechtenstein przed 1805 rokiemŚwięte Cesarstwo Rzymskie
44%
Obecny monarcha{Jan Adam} II Liechtenstein
22%
Najbardziej zaludniona gminaSchaan
20%

Rozkład punktacji

Percentyl według liczby udzielonych odpowiedzi

Procent ludzi z każdym wynikiem

Twoja historia wyników

Nie rozwiązałeś tego quizu